Vysokoškolské štúdium

Bibliographic Details
Main Author: Karčová, Anna (Author)
Format: Article
Language:Slovak
PhysicalDescription:Fotogr.
ISBN:9788055508030
Subjects:

MARC

LEADER 00000nab a2200000 a 4500
001 vtls010554587
003 SK-MaSNL
005 20260305023759.0
008 141024c2013 xo wr p 000 a0slo
015 |a SNBRA2013/10 
038 |a SVKPOCL 
040 |a SVKPOCL  |b slo  |c SVKPOCL  |e AACR2 
041 0 |a slo 
044 |a xo  |c SK 
080 |a [80(=161.2)+908(477)]-051  |2 2001 
080 |a 80(=16)+908(4)  |2 2001 
080 |a 80(=161.2)+908(477)  |2 2001 
080 |a 378  |2 2001 
100 1 |a Karčová, Anna  |4 aut  |9 1602060 
245 1 0 |a Vysokoškolské štúdium  |c Anna Karčová 
300 |b Fotogr. 
500 |a V rubrike Spomienky absolventov na štúdium a predstaviteľov partnerských univerzít na spoluprácu 
610 2 7 |a Prešovská univerzita v Prešove.  |b Filozofická fakulta.  |b Inštitút rusistiky, ukrajinistiky a slavistiky. Katedra ukrajinistiky  |2 svkpocl  |9 53883 
650 0 7 |a ukrajinisti  |2 svkpocl  |9 24386 
650 0 7 |a slavistika  |2 svkpocl  |9 4282 
650 0 7 |a ukrajinistika  |2 svkpocl  |9 51200 
650 0 7 |a vysoké školy  |2 svkpocl  |9 1277 
650 0 7 |a spomienky  |2 svkpocl  |9 55795 
651 7 |a Prešov (Slovensko)  |2 svkpocl  |9 17347 
773 0 |t Katedra ukrajinistiky IRUS Filozofickej fakulty Prešovskej univerzity v Prešove 1953 - 2013. 60  |d Prešov : Filozofická fakulta Prešovskej univerzity v Prešove, 2013  |g S. 141-143  |z 9788055508030 
852 |a SVKPO  |b KIS3GCP 
958 |a UK 
958 |a SK 
958 |a SS 
999 |c 3299021  |d 3300951